000 00317nam a2200109Ia 4500
008 230907s9999||||xx |||||||||||||| ||und||
082 _a620.1180151825
_bBAR
100 _aBarbero, Ever J.
_955909
245 0 _aFinite element analysis of composite materials using Abaqus /
300 _axxix, 413 pages :
942 _cBK
999 _c600797
_d600797